<?xml version="1.0" encoding="UTF-8"?><?xml-stylesheet type="text/xsl" href="static/style.xsl"?><OAI-PMH xmlns="http://www.openarchives.org/OAI/2.0/" xmlns:xsi="http://www.w3.org/2001/XMLSchema-instance" xsi:schemaLocation="http://www.openarchives.org/OAI/2.0/ http://www.openarchives.org/OAI/2.0/OAI-PMH.xsd"><responseDate>2026-04-14T15:26:50Z</responseDate><request verb="GetRecord" identifier="oai:uvadoc.uva.es:10324/65366" metadataPrefix="marc">https://uvadoc.uva.es/oai/request</request><GetRecord><record><header><identifier>oai:uvadoc.uva.es:10324/65366</identifier><datestamp>2025-02-13T09:53:13Z</datestamp><setSpec>com_10324_1158</setSpec><setSpec>com_10324_931</setSpec><setSpec>com_10324_894</setSpec><setSpec>col_10324_1242</setSpec></header><metadata><record xmlns="http://www.loc.gov/MARC21/slim" xmlns:doc="http://www.lyncode.com/xoai" xmlns:xsi="http://www.w3.org/2001/XMLSchema-instance" xmlns:dcterms="http://purl.org/dc/terms/" xsi:schemaLocation="http://www.loc.gov/MARC21/slim http://www.loc.gov/standards/marcxml/schema/MARC21slim.xsd">
<leader>00925njm 22002777a 4500</leader>
<datafield tag="042" ind1=" " ind2=" ">
<subfield code="a">dc</subfield>
</datafield>
<datafield tag="720" ind1=" " ind2=" ">
<subfield code="a">Wysmolek, A</subfield>
<subfield code="e">author</subfield>
</datafield>
<datafield tag="720" ind1=" " ind2=" ">
<subfield code="a">Ruf, T</subfield>
<subfield code="e">author</subfield>
</datafield>
<datafield tag="720" ind1=" " ind2=" ">
<subfield code="a">Cardona, M</subfield>
<subfield code="e">author</subfield>
</datafield>
<datafield tag="720" ind1=" " ind2=" ">
<subfield code="a">Serrano Gutiérrez, Jorge</subfield>
<subfield code="e">author</subfield>
</datafield>
<datafield tag="260" ind1=" " ind2=" ">
<subfield code="c">1999</subfield>
</datafield>
<datafield tag="520" ind1=" " ind2=" ">
<subfield code="a">We report calculations of the Γ8–Γ7 spin–orbit splittings of substitutional acceptor levels in silicon and diamond and corresponding Raman measurements for Si : X (X=B, Al, Ga, In). The calculations were performed using a Green's function method based on a full-zone 30×30 k.p Hamiltonian together with a Slater–Koster ansatz for the acceptor potential. The results are in reasonable agreement with experimental data.</subfield>
</datafield>
<datafield tag="024" ind2=" " ind1="8">
<subfield code="a">Physica B 273-641 (1999) 640-643</subfield>
</datafield>
<datafield tag="024" ind2=" " ind1="8">
<subfield code="a">0921-4526</subfield>
</datafield>
<datafield tag="024" ind2=" " ind1="8">
<subfield code="a">https://uvadoc.uva.es/handle/10324/65366</subfield>
</datafield>
<datafield tag="024" ind2=" " ind1="8">
<subfield code="a">10.1016/S0921-4526(99)00593-1</subfield>
</datafield>
<datafield tag="024" ind2=" " ind1="8">
<subfield code="a">640</subfield>
</datafield>
<datafield tag="024" ind2=" " ind1="8">
<subfield code="a">643</subfield>
</datafield>
<datafield tag="024" ind2=" " ind1="8">
<subfield code="a">Physica B: Condensed Matter</subfield>
</datafield>
<datafield tag="024" ind2=" " ind1="8">
<subfield code="a">273-274</subfield>
</datafield>
<datafield tag="245" ind1="0" ind2="0">
<subfield code="a">Spin–orbit splitting of acceptor states in Si and C</subfield>
</datafield>
</record></metadata></record></GetRecord></OAI-PMH>